| 000 | 04614nam a2200205Ia 4500 | ||
|---|---|---|---|
| 999 |
_c7997 _d7997 |
||
| 005 | 20250714105928.0 | ||
| 008 | 230427s9999 xx 000 0 und d | ||
| 020 | _a9992380942 | ||
| 040 |
_aUPAN _cBiblioteca San Vicente _eRCAA2 |
||
| 041 | _aspa | ||
| 082 |
_a342.06 _bG113d _c2005 |
||
| 100 |
_aFraga, Gabino _4aut. |
||
| 245 | 0 |
_aDerecho administrativo./ _bGabino Fraga |
|
| 250 | _a1° ed. | ||
| 260 |
_aEl Salvador _bCNJ _c2005 |
||
| 300 |
_a385 p. _c23 cm. |
||
| 505 | _aLibro Primero: La actividad del estado, la forma y el régimen de la misma. Titulo Primero: La actividad del estado. Capitulo I: Las atribuciones del estado. Capitulo II: Poder soberano, servicio público y atribución. Titulo Segundo: La forma de la actividad del estado. Capitulo I: Las funciones del estado. Capitulo II: La función legislativa. Capitulo III: La función legislativa (Continuación). Capitulo IV: La función jurisdiccional. Capitulo V: La función administrativa. Capitulo VI: La función administrativa (Continuación). Capitulo VII: Las funciones en la constitución mexicana. Titulo Tercero: El régimen de la actividad del estado. Libro Segundo: Concepto del derecho administrativo. Titulo Primero: El derecho administrativo y sus relaciones. Titulo Segundo: Fuentes de derecho administrativo. Capitulo I: La ley. Capitulo II: El reglamento, la costumbre, la jurisprudencia. Libro Tercero: La organización administrativa y sus elementos. Titulo Primero: La administración pública. Capitulo I: Los órganos de la administración. Capitulo II: Los titulares de los órganos de la administración. Capitulo III: La relación de la función pública en la legislación mexicana. Capitulo IV: La situación legal de los servidores públicos. Capitulo V: La situación legal de los servidores públicos (Continuación). Capitulo VI: Funcionarios de hecho. Titulo Segundo: Formas de organización administrativa. Capitulo I: La centralización, su naturaleza jurídica. Capitulo II: La administración centralizada en México. Capitulo III: Las secretarias de estado y departamentos administrativos en la ley mexicana. Capitulo IV: Administración del departamento del distrito federal. Capitulo V: La delegación y la desconcentración administrativa. Capitulo VI: La administración paraestatal. Capitulo VII: La descentralización por colaboración. Capitulo VIII: La descentralización por región. Libro Cuarto: El acto administrativo. Titulo Primero: La creación de los actos administrativo. Capitulo I: Los diferentes actos administrativos. Capitulo II: La concesión de servicio público. Capitulo III: El procedimiento administrativo. Capitulo IV: Elementos del acto administrativo. Capitulo V: Los efectos del acto administrativo. Capitulo VI: La ejecución del acto administrativo. Titulo Segundo: La extinción de los actos administrativos. Capitulo I: Los actos administrativos irregulares, inexistencia. Capitulo II: Nulidad de los actos administrativos. Capitulo III: La revocación de los actos administrativos. Libro Quinto: El régimen financiero y patrimonial del estado. Titulo Primero: El régimen financiero del estado. Capitulo I: Los ingresos del estado. Capitulo II: Los egresos del estado. Capitulo III: La ejecución de la ley de ingresos y del presupuesto de egresos. Titulo Segundo: El régimen patrimonial del estado. Capitulo I: Bienes de dominio público y bienes de dominio privado de la federación. Capitulo II: Bienes de propiedad originaria. Capitulo III: Bienes de dominio directo. Capitulo IV: La concesión de explotación de bienes del estado. Capitulo V: La expropiación por causa de utilidad pública. Titulo Tercero. Capitulo I: Los créditos del estado, la deuda pública. Capitulo II: Los contratos administrativos. Libro Sexto: La situación jurídica de los particulares frente a la administración. Titulo Primero: Los derechos y obligaciones de los particulares frente a la administración. Capitulo I: Los derechos de los particulares. Capitulo II: Los derechos de los particulares (Continuación). Capitulo III: Obligaciones de carácter público a cargo de los particulares. Titulo Segundo: La protección jurídica de los administrados frente a la administración. Capitulo I: Los recursos administrativos. Capitulo II: El control jurisdiccional de la administración. Capitulo III: El contencioso-administrativo en México. Capitulo IV: El contencioso-administrativo en México (Continuación). | ||
| 650 |
_2LEMB _aDerecho administrativo |
||
| 942 |
_cBK _2ddc |
||